Monitorovanie veličín v prostredí TwinCAT za pomoci protokolu ANT+
Gespeichert in:
| 1. Verfasser: | |
|---|---|
| Weitere Verfasser: | |
| Format: | Manuskript Buch |
| Sprache: | Slowakisch |
| Veröffentlicht: |
2016
|
| Schlagworte: | |
| Online-Zugang: | http://is.stuba.sk/zp/portal_zp.pl?podrobnosti=130941 |
| Tags: |
Keine Tags, Fügen Sie das erste Tag hinzu!
|
MARC
| LEADER | 00000ntm a22000003a 4500 | ||
|---|---|---|---|
| 001 | stuzp58061 | ||
| 003 | SK-STU | ||
| 005 | 20160804102314.4 | ||
| 007 | ta | ||
| 008 | 150427s2015----xo-----f-mn---000-0-slo-d | ||
| 040 | |a STU |b slo | ||
| 041 | 0 | |a slo | |
| 044 | |a xo | ||
| 100 | 1 | |a Lovász, Zoltán |u 031000 |k Z4 |4 aut |U FEI Fakulta elektrotechniky a informatiky |T FEI Ústav robotiky a kybernetiky |X 6177 |U E011 |Y 356 |7 A000006177 | |
| 242 | 0 | 1 | |a Monitoring of quantities in TwinCAT environment, using ANT+ protocol |y eng |
| 245 | 1 | 0 | |a Monitorovanie veličín v prostredí TwinCAT za pomoci protokolu ANT+ |
| 260 | |c 2016 | ||
| 300 | |a 71 s., príl., |b CD-ROM | ||
| 650 | 4 | |a ANT |2 slo | |
| 650 | 4 | |a monitorovacia aplikácia |2 slo | |
| 650 | 4 | |a športové zariadenia |2 slo | |
| 650 | 4 | |a TwinCAT |2 slo | |
| 650 | 4 | |a bezdrôtová senzorová sieť |2 slo | |
| 650 | 4 | |a ergometer |2 slo | |
| 650 | 4 | |a smart fitness devices |2 eng | |
| 650 | 4 | |a monitoring application |2 eng | |
| 650 | 4 | |a TwinCAT |2 eng | |
| 650 | 4 | |a wireless sensor network |2 eng | |
| 650 | 4 | |a ANT |2 eng | |
| 650 | 4 | |a ergometer |2 eng | |
| 700 | 1 | |a Ernek, Martin |u 031000 |k Z1 |4 ths |U FEI Fakulta elektrotechniky a informatiky |T FEI Ústav robotiky a kybernetiky |X 11034 |U E011 |Y 356 |7 A000011034 | |
| 856 | 4 | |u http://is.stuba.sk/zp/portal_zp.pl?podrobnosti=130941 | |
| 996 | |b 284EP11419 |c E*DIPL- 11419 |l EE31 |s P |a 0 |w stuzp58061_0001 | ||
| SQL | |a stuzp58061 |b DDP |c SLO |d Monitorovanie veličín v prostredí TwinCAT za pomoci protokolu ANT+ |e 6177 |f Lovász, Zoltán |g 031000 |h 11034 |i Ernek, Martin |j 20160614 |k 1174 |l 03 |m http://is.stuba.sk/zp/portal_zp.pl?podrobnosti=130941 |n I-RK |o 9.2.7. kybernetika | ||